000 01161cam a2200325 i 4500
001 15444316
003 EG-ScBUE
005 20260121094423.0
008 080909s2008 enka f b 001 0 eng d
020 _a0195694619
020 _a9780195694611
040 _aDLC
_beng
_erda
_cDLC
_dDLC
_dEG-ScBUE
082 0 4 _222
_a551.57
_bOJH
100 1 _aOjha, C. Shekhar P.,
_eauthor.
_95882
245 1 0 _aEngineering hydrology /
_cC.S.P. Ojha, R. Berndtsson, P. Bhunya.
264 1 _aOxford ;
_aNew York :
_bOxford University Press,
_c2008.
300 _axiii, 445 pages :
_billustrations ;
_c24 cm.
336 _2rdacontent
_atext
_btxt
337 _aunmediated
_2rdamedia
_bn
338 _avolume
_bnc
_2rdacarrier
490 0 _aOxford higher education
504 _aIncludes bibliographical references and index.
650 7 _aHydrology
_vTextbooks.
_2BUEsh
_95883
650 7 _aHydraulic engineering
_vTextbooks.
_2BUEsh
_95884
655 _vReading book
700 1 _aBerndtsson, R.,
_eauthor.
_95885
700 1 _aBhunya, P.,
_eauthor.
_95886
856 4 2 _3Publisher description
_uhttp://www.loc.gov/catdir/enhancements/fy0907/2008276835-d.html
942 _2ddc
_cBB
999 _c11763
_d11763